5HLuxD.jpg

KING HENRY VIII SENIOR AND PRIMARY SCHOOL LIBRARY OPAC

Starclimber / (Record no. 548)

000 -LEADER
fixed length control field 01005nam a2200301 a 4500
001 - CONTROL NUMBER
control field 016979407
003 - CONTROL NUMBER IDENTIFIER
control field UkOxU
005 - DATE AND TIME OF LATEST TRANSACTION
control field 20211216091916.0
008 - FIXED-LENGTH DATA ELEMENTS--GENERAL INFORMATION
fixed length control field 090130s2009 enk j 000 1 eng d
015 ## - NATIONAL BIBLIOGRAPHY NUMBER
National bibliography number GBA917445
Source bnb
020 ## - INTERNATIONAL STANDARD BOOK NUMBER
International Standard Book Number 9780060850593
035 ## - SYSTEM CONTROL NUMBER
System control number (Uk)014909132
040 ## - CATALOGING SOURCE
Original cataloging agency StDuBDS
Language of cataloging eng
Transcribing agency StDuBDS
082 ## - DEWEY DECIMAL CLASSIFICATION NUMBER
Classification number FIC OPP
100 1# - MAIN ENTRY--PERSONAL NAME
Personal name Oppel, Kenneth,
Dates associated with a name 1967-
Relator term author
245 10 - TITLE STATEMENT
Title Starclimber /
Statement of responsibility, etc. Kenneth Oppel.
260 ## - PUBLICATION, DISTRIBUTION, ETC.
Place of publication, distribution, etc. New York :
Name of publisher, distributor, etc. Harper,
Date of publication, distribution, etc. 2010, ©2009.
300 ## - PHYSICAL DESCRIPTION
Extent 390 pages :
Other physical details illustrations ;
Dimensions 21 cm.
440 ## - SERIES STATEMENT/ADDED ENTRY--TITLE
Title Matt Cruse trilogy;
Number of part/section of a work bk3.
500 ## - GENERAL NOTE
General note Originally published: New York : Eos, ©2009.<br/>Sequel to: Skybreaker.
650 #0 - SUBJECT ADDED ENTRY--TOPICAL TERM
Topical term or geographic name entry element Space flight
Form subdivision Juvenile fiction.
650 #0 - SUBJECT ADDED ENTRY--TOPICAL TERM
Topical term or geographic name entry element Airships
Form subdivision Juvenile fiction.
650 #0 - SUBJECT ADDED ENTRY--TOPICAL TERM
Topical term or geographic name entry element Outer space
Form subdivision Exploration
Source of heading or term Juvenile fiction.
650 #0 - SUBJECT ADDED ENTRY--TOPICAL TERM
Topical term or geographic name entry element Interpersonal relations
Form subdivision Juvenile fiction.
650 #0 - SUBJECT ADDED ENTRY--TOPICAL TERM
Topical term or geographic name entry element Adventure and adventurers
Form subdivision Fiction.
942 ## - ADDED ENTRY ELEMENTS (KOHA)
Source of classification or shelving scheme
Koha item type Books - Fiction
Holdings
Withdrawn status Lost status Source of classification or shelving scheme Damaged status Not for loan Collection code Permanent Location Current Location Shelving location Date acquired Total Checkouts Full call number Barcode Date last seen Date last checked out Price effective from Koha item type
          Fiction KH8 Senior School Library KH8 Senior School Library Fiction 2019-08-21 1 FIC OPP 3KHSL000101199 2024-07-18 2021-12-16 2019-08-21 Books - Fiction

Powered By KH8 IT Dept